METABOLIC POOL OF PROTEINS AND AMINO ACIDS IN MUSCLES OF DUCKS DURING ALCOHOLIC INTOXICATION

Bibliographic Details
Main Authors: Paulov, Štefan, 1931- (Author), Demers, Jean Marie (Author), Veselovský, Ján (Author)
Format: Article
Language:English

MARC

LEADER 00000nab a2200000uu 4500
001 vtls011442291
003 SK-MaSNL
005 20260303223338.0
008 230213|1971 xo |||||||||||||||||eng|
015 |a SNBRB 
035 |a (urnnbn)urn:nbn:sk:snk:ar-00320m 
035 |a (uuid)ae4ba10e-52e6-41a8-8b91-895a7ec3e8ee 
035 |a urn:nbn:sk:snk-abcgca 
040 |a SNKBUCL  |b slo  |c SNKBUCL  |e AACR2 
041 0 |a eng 
044 |a xo  |c SK 
100 1 |a Paulov, Štefan,  |d 1931-  |4 aut  |9 37733 
245 1 0 |a METABOLIC POOL OF PROTEINS AND AMINO ACIDS IN MUSCLES OF DUCKS DURING ALCOHOLIC INTOXICATION  |c Štefan Paulov, Ján Veselovský, Jean Marie Demers 
700 1 |a Demers, Jean Marie  |4 aut  |9 1138061 
700 1 |a Veselovský, Ján  |4 aut  |9 5063 
773 0 |t Biológia : časopis Slovenskej akadémie vied  |g Roč. 26, č. 5 (1971), s. 391-395 
954 |a odborná, vedecká literatúra pôvodná (slovenská)  |2 lita 
954 |a odborná, vedecká literatúra cudzojazyčná (svetová)  |2 lita 
958 |a OND 
958 |a EUIPO 
958 |a article16 
999 |c 2247334  |d 2249264